书目信息 |
| 题名: |
概率论与数理统计辅导及习题精解
|
|
| 作者: | 周华任 , 滕加俊 编著 | |
| 分册: | ||
| 出版信息: | 西安 陕西师范大学出版社 2005.03 |
|
| 页数: | 454页 | |
| 开本: | 21cm | |
| 丛书名: | 高等学校经典教材配套辅导丛书 | |
| 单 册: | ||
| 中图分类: | O21 | |
| 科图分类: | ||
| 主题词: | 概率论--gai lu lun--高等学校--教学参考资料 , 数理统计--shu li tong ji--高等学校--教学参考资料 | |
| 电子资源: | ||
| ISBN: | 7-5613-3276-9 | |
| 000 | 01056nam 2200265 450 | |
| 001 | 010231784203 | |
| 005 | 20051219151827.46 | |
| 010 | @a7-5613-3276-9@dCNY18.00 | |
| 100 | @a20050606d2005 km y0chiy0120 ea | |
| 101 | 0 | @achi |
| 102 | @aCN@b610000 | |
| 105 | @ay zq 000yy | |
| 200 | 1 | @a概率论与数理统计辅导及习题精解@Agai lu lun yu shu li tong ji fu dao ji xi ti jing jie@e浙大三版@f周华任, 滕加俊编著@Fzhou hua ren,teng jia jun bian zhu |
| 210 | @a西安@c陕西师范大学出版社@d2005.03 | |
| 215 | @a454页@d21cm | |
| 225 | 2 | @a高等学校经典教材配套辅导丛书@Agao deng xue xiao jing dian jiao cai pei tao fu dao cong shu |
| 330 | @a本书由四部分组成,1概念、定理及公式,2重点难点解答,3课后习题全解,4考研试题精解。 | |
| 410 | 0 | @12001 @a高等学校经典教材配套辅导丛书 |
| 606 | 0 | @a概率论@Agai lu lun@x高等学校@x教学参考资料 |
| 606 | 0 | @a数理统计@Ashu li tong ji@x高等学校@x教学参考资料 |
| 690 | @aO21@v4 | |
| 701 | 0 | @a周华任@Azhou hua ren@4编著 |
| 701 | 0 | @a滕加俊@Ateng jia jun@4编著 |
| 801 | 0 | @aCN@bQSSK@c20051219 |
| 905 | @a10447@dO21@eZ765 | |
| 概率论与数理统计辅导及习题精解:浙大三版/周华任, 滕加俊编著.-西安:陕西师范大学出版社,2005.03 |
| 454页;21cm.-(高等学校经典教材配套辅导丛书) |
| ISBN 7-5613-3276-9:CNY18.00 |
| 本书由四部分组成,1概念、定理及公式,2重点难点解答,3课后习题全解,4考研试题精解。 |
| ● |
| 相关链接 |
|
|
|
正题名:概率论与数理统计辅导及习题精解
索取号:O21/Z765
 
预约/预借
| 序号 | 登录号 | 条形码 | 馆藏地/架位号 | 状态 | 备注 |
| 1 | 578119 | 205781199 | 自科库401/401自科库 47排1列4层/ [索取号:O21/Z765] | 在馆 | |
| 2 | 578120 | 205781206 | 自科库401/401自科库 47排1列4层/ [索取号:O21/Z765] | 在馆 | |
| 3 | 578121 | 205781215 | 自科库401/401自科库 47排1列4层/ [索取号:O21/Z765] | 在馆 |